| 000 | 01232nam a22002537i 4500 | ||
|---|---|---|---|
| 999 |
_c23619 _d23619 |
||
| 003 | AR-CdUCM | ||
| 008 | 260422b20232023 pe||||| |||| 00| 0 spa d | ||
| 020 | _a978-612-331-079-0 | ||
| 040 |
_aMUNICIPALIDAD PROVINCIAL DEL CUSCO _cBIBLIOTECA MUNICIPAL DEL CUSCO |
||
| 041 | _hspa | ||
| 082 |
_a985.061 _bP43 |
||
| 100 |
_aPereyra Plasencia, Hugo _952641 |
||
| 245 | _aNuevas visiones sobre la Guerra y la Posguerra del Pacífico / | ||
| 260 |
_aLima-Perú : _bUniversidad Ricardo Palma - Editorial Universitaria _c2023 |
||
| 300 |
_a250 páginas . : _c24x17 cm. |
||
| 500 | _zPáginas: 237-250 | ||
| 505 | _aLa alianza defensiva peruano-boliviana y la misión La Valle -- La guerra con España y el tratado de 1866 -- Chile manda a construir sus blindados -- Un tratado secreto que se conoce por toda Arica -- Iquique, 27 de mayo de 1873 -- La misión de José Antonio La Valle -- El gobierno de chile pide al Perú la neutralidad absoluta -- Las paciones belicistas se apoderan de la sociedad chilena | ||
| 650 |
_aGuerra del Pacifico _952642 |
||
| 650 |
_aPerú-Bolivia _930180 |
||
| 650 |
_aJoaquín Godoy en Lima _952643 |
||
| 650 |
_aVisiones estereotipadas _952644 |
||
| 942 |
_2ddc _cLIBROS |
||
| 945 |
_apbjr _d22-04-2026 |
||